| 000 | 00488nam a2200181Ia 4500 | ||
|---|---|---|---|
| 008 | 090124s9999 xx 000 0 und d | ||
| 082 | _b41522 | ||
| 100 | _aKARPLUS LESTER C. | ||
| 245 | _aILLUSTRATED DACEASY ACCOUNTING 4.2 | ||
| 250 | _a0 | ||
| 260 |
_bBPB PUBLICATIONS _c1992 |
||
| 300 | _a368 | ||
| 600 | _aKARPLUS LESTER C. | ||
| 630 | _aILLUSTRATED DACEASY ACCOUNTING 4.2 | ||
| 700 | _aKARPLUS LESTER C. | ||
| 730 | _aILLUSTRATED DACEASY ACCOUNTING 4.2 | ||
| 942 | _cBOOK | ||
| 999 |
_c107663 _d107663 |
||